000 00805nam a2200229Ii 4500
003 JO-AjNU
008 230605s9999||||xx |||||||||||||| ||und||
017 _a2007/1/88
020 _a9957-16-302-0
040 _aJO-AjNU
_bara
_erda
_cJO-AjNU
041 _aara
050 1 4 _aKMM394.6.S22.2008
100 3 _aالسعيد، كامل ,
_eauthor
_931748
245 0 0 _aشرح قانون العقوبات : الجرائم المضرة بالمصلحة العامة " دراسة تحليلية مقارنة "
250 _aط1
264 3 1 _aعمان : دار الثقافة ، 2008
300 _a576ص
336 _atext
_btxt
_2rdacontent
337 _aunmediated
_bn
_2rdamedia
338 _avolume
_bnc
_2rdacarrier
650 4 _aالقانون الجنائي -- الجرائم -- الأردن
_931749
999 _aA12733
_c16301
_d16301